000 00239 a2200097 4500
001 8986
100 _aJessel G
245 _athe toastmaster General Guide to successful Public speeking
260 _a
_bcsstle books
_c
090 _c7174
_d7174
942 _aNUST-CAE
_cM
_c33794
999 _c244059
_d244059